| 000 | 00371pab a2200145 454500 | ||
|---|---|---|---|
| 008 | 180718b2001 xxu||||| |||| 00| 0 eng d | ||
| 100 | _aJoshi, Murli Manohar | ||
| 245 | _aScience and technology for a non-exploitative society. | ||
| 260 | _c2001 | ||
| 300 | _ap.11-27 | ||
| 362 | _aNov-Dec | ||
| 650 | _aScience and technology | ||
| 773 | _aEncounter | ||
| 909 | _a51167 | ||
| 999 |
_c51167 _d51167 |
||